000
00269nam a2200109Ia 4500
008
220204s9999 xx 000 0 und d
082
_a
330.322
_b
SHA
100
_a
SHANBAG, b N
245
0
_a
In the wonderland of investment
260
_a
Bombay
_b
Jaico
_c
1979
942
_c
BK
999
_c
33604
_d
33604